{"text_format":"3","workbook":"xlsx","n_sheets":1,"sheets":["t270"],"read":"whole","date_system":"1900"}

{"sheet":"t270","index":0,"n_rows":187,"n_cols":7,"rows_kept":187,"merged":[[0,0,0,6],[30,0,30,5],[49,0,49,5],[153,0,153,5]]}
["TABELA 270.1 - Estatísticas Agrícolas, Município de Itirapuã, Estado de São Paulo, 2007/08."]
["ITEM","UNIDADE","N.DE UPAs","MÍNIMO","MÉDIO","MÁXIMO","TOTAL"]
["Distância à sede do município","km",290,0.1,{"v":7.37,"d":"7.4"},{"v":22,"d":"22.0"},"-"]
["Área total","hectare",290,1.1,{"v":49.46,"d":"49.5"},475.5,{"v":14343.2,"d":"14,343.2"}]
["Área com cultura perene","hectare",161,0.2,{"v":11.14,"d":"11.1"},311.4,{"v":1793.8,"d":"1,793.8"}]
["Área com cultura temporária","hectare",165,0.1,{"v":7.54,"d":"7.5"},{"v":121,"d":"121.0"},{"v":1244.5,"d":"1,244.5"}]
["Área com pastagem","hectare",274,0.1,{"v":34.13,"d":"34.1"},264.8,{"v":9350.8,"d":"9,350.8"}]
["Área com reflorestamento","hectare",47,0.1,{"v":3.47,"d":"3.5"},{"v":18,"d":"18.0"},162.9]
["Área com vegetação natural","hectare",224,0.1,{"v":6.04,"d":"6.0"},96.8,{"v":1352.8,"d":"1,352.8"}]
["Área com vegetação de brejo e várzea","hectare",7,0.1,{"v":0.81,"d":"0.8"},2.4,5.7]
["Área em descanso","hectare",2,0.5,{"v":5.25,"d":"5.3"},{"v":10,"d":"10.0"},10.5]
["Área complementar","hectare",254,0.1,{"v":1.66,"d":"1.7"},16.9,422.2]
["Área das UPAs com (0, 1] ha","hectare","-","-","-","-","-"]
["Área das UPAs com (1, 2] ha","hectare",4,1.1,{"v":1.68,"d":"1.7"},{"v":2,"d":"2.0"},6.7]
["Área das UPAs com (2, 5] ha","hectare",28,2.1,{"v":3.68,"d":"3.7"},{"v":5,"d":"5.0"},{"v":103,"d":"103.0"}]
["Área das UPAs com (5, 10] ha","hectare",40,5.2,{"v":7.92,"d":"7.9"},9.7,316.7]
["Área das UPAs com (10, 20] ha","hectare",62,10.2,{"v":14.99,"d":"15.0"},{"v":20,"d":"20.0"},929.1]
["Área das UPAs com (20, 50] ha","hectare",75,21.1,{"v":31.97,"d":"32.0"},49.6,{"v":2398.1,"d":"2,398.1"}]
["Área das UPAs com (50, 100] ha","hectare",41,50.8,73.4,98.9,{"v":3009.3,"d":"3,009.3"}]
["Área das UPAs com (100, 200] ha","hectare",26,{"v":105,"d":"105.0"},{"v":145.86,"d":"145.9"},{"v":196,"d":"196.0"},{"v":3792.3,"d":"3,792.3"}]
["Área das UPAs com (200, 500] ha","hectare",14,{"v":201,"d":"201.0"},{"v":270.57,"d":"270.6"},475.5,{"v":3788,"d":"3,788.0"}]
["Área das UPAs com (500, 1.000] ha","hectare","-","-","-","-","-"]
["Área das UPAs com (1.000, 2.000] ha","hectare","-","-","-","-","-"]
["Área das UPAs com (2.000, 5.000] ha","hectare","-","-","-","-","-"]
["Área das UPAs com (5.000, 10.000] ha","hectare","-","-","-","-","-"]
["Área das UPAs acima de 10.000 ha","hectare","-","-","-","-","-"]
["Familiares do proprietário que trabalham na UPA","unidade",132,{"v":1,"d":"1.0"},{"v":1.33,"d":"1.3"},{"v":4,"d":"4.0"},{"v":175,"d":"175.0"}]
["Trabalhadores permanentes","unidade",166,{"v":1,"d":"1.0"},2.1,{"v":20,"d":"20.0"},{"v":348,"d":"348.0"}]
["Fonte: Secretaria de Agricultura e Abastecimento, CDRS/IEA, Projeto LUPA."]
[]
["TABELA 270.2 - Explorações Animais, Município de Itirapuã, Estado de São Paulo, 2007/08."]
["ITEM","UNIDADE","N.DE UPAs","MÍNIMO","MÉDIO","MÁXIMO","TOTAL"]
["Apicultura","colmeias",4,{"v":1,"d":"1.0"},{"v":13.25,"d":"13.3"},{"v":30,"d":"30.0"},{"v":53,"d":"53.0"}]
["Asininos E Muares","cabeças",25,{"v":1,"d":"1.0"},{"v":1.88,"d":"1.9"},{"v":10,"d":"10.0"},{"v":47,"d":"47.0"}]
["Avicultura de Corte","cabeças/ano",49,{"v":10,"d":"10.0"},{"v":863.33,"d":"863.3"},{"v":40000,"d":"40,000.0"},{"v":42303,"d":"42,303.0"}]
["Avicultura Ornamental/Decorativa/Exótica","cabeças",31,{"v":1,"d":"1.0"},{"v":45.61,"d":"45.6"},{"v":150,"d":"150.0"},{"v":1414,"d":"1,414.0"}]
["Avicultura para Ovos","cabeças",55,{"v":4,"d":"4.0"},{"v":37.73,"d":"37.7"},{"v":200,"d":"200.0"},{"v":2075,"d":"2,075.0"}]
["Bovinocultura de Corte","cabeças",80,{"v":1,"d":"1.0"},{"v":72.39,"d":"72.4"},{"v":530,"d":"530.0"},{"v":5791,"d":"5,791.0"}]
["Bovinocultura Leiteira","cabeças",93,{"v":1,"d":"1.0"},{"v":32.18,"d":"32.2"},{"v":267,"d":"267.0"},{"v":2993,"d":"2,993.0"}]
["Bovinocultura Mista","cabeças",84,{"v":1,"d":"1.0"},{"v":41.76,"d":"41.8"},{"v":300,"d":"300.0"},{"v":3508,"d":"3,508.0"}]
["Caprinocultura","cabeças",2,{"v":2,"d":"2.0"},{"v":5,"d":"5.0"},{"v":8,"d":"8.0"},{"v":10,"d":"10.0"}]
["Cunicultura","cabeças",1,{"v":9,"d":"9.0"},{"v":9,"d":"9.0"},{"v":9,"d":"9.0"},{"v":9,"d":"9.0"}]
["Equinocultura","cabeças",163,{"v":1,"d":"1.0"},{"v":3.91,"d":"3.9"},{"v":80,"d":"80.0"},{"v":637,"d":"637.0"}]
["Jacarés (Criadouro)","cabeças",1,{"v":45,"d":"45.0"},{"v":45,"d":"45.0"},{"v":45,"d":"45.0"},{"v":45,"d":"45.0"}]
["Ovinocultura","cabeças",10,{"v":6,"d":"6.0"},46.7,{"v":150,"d":"150.0"},{"v":467,"d":"467.0"}]
["Piscicultura","m² tanques",7,{"v":6,"d":"6.0"},{"v":296.14,"d":"296.1"},{"v":1000,"d":"1,000.0"},{"v":2073,"d":"2,073.0"}]
["Suinocultura","cabeças",83,{"v":1,"d":"1.0"},{"v":9.07,"d":"9.1"},{"v":80,"d":"80.0"},{"v":753,"d":"753.0"}]
["Fonte: Secretaria de Agricultura e Abastecimento, CDRS/IEA, Projeto LUPA."]
[]
["TABELA 270.3 -  Máquinas, Implementos e Benfeitorias, Município de Itirapuã, Estado de São Paulo, 2007/08."]
["ITEM","UNIDADE","N.DE UPAs","MÍNIMO","MÉDIO","MÁXIMO","TOTAL"]
["Arado Comum (Bacia, Aiveca)","Unidade",35,{"v":1,"d":"1.0"},{"v":1.23,"d":"1.2"},{"v":3,"d":"3.0"},{"v":43,"d":"43.0"}]
["Arado Escarificador","Unidade",9,{"v":1,"d":"1.0"},{"v":1.11,"d":"1.1"},{"v":2,"d":"2.0"},{"v":10,"d":"10.0"}]
["Arado Subsolador","Unidade",8,{"v":1,"d":"1.0"},{"v":1.25,"d":"1.3"},{"v":3,"d":"3.0"},{"v":10,"d":"10.0"}]
["Batedeira de Cereais","Unidade",6,{"v":1,"d":"1.0"},{"v":1,"d":"1.0"},{"v":1,"d":"1.0"},{"v":6,"d":"6.0"}]
["Carregadeira de Cana","Unidade",1,{"v":1,"d":"1.0"},{"v":1,"d":"1.0"},{"v":1,"d":"1.0"},{"v":1,"d":"1.0"}]
["Colhedeira Acoplada","Unidade",5,{"v":1,"d":"1.0"},{"v":1,"d":"1.0"},{"v":1,"d":"1.0"},{"v":5,"d":"5.0"}]
["Colhedeira Automotriz","Unidade",2,{"v":1,"d":"1.0"},{"v":1,"d":"1.0"},{"v":1,"d":"1.0"},{"v":2,"d":"2.0"}]
["Computador","Unidade",1,{"v":1,"d":"1.0"},{"v":1,"d":"1.0"},{"v":1,"d":"1.0"},{"v":1,"d":"1.0"}]
["Conj.Irrigação Convencional","Unidade",5,{"v":1,"d":"1.0"},{"v":1,"d":"1.0"},{"v":1,"d":"1.0"},{"v":5,"d":"5.0"}]
["Conj.Irrigação/Gotejamento/Microaspersão","Unidade",4,{"v":1,"d":"1.0"},{"v":1.25,"d":"1.3"},{"v":2,"d":"2.0"},{"v":5,"d":"5.0"}]
["Desintegrador de Palha (Plantio Direto)","Unidade",3,{"v":1,"d":"1.0"},{"v":1,"d":"1.0"},{"v":1,"d":"1.0"},{"v":3,"d":"3.0"}]
["Desintegrador, Picador, Triturador","Unidade",139,{"v":1,"d":"1.0"},{"v":1.07,"d":"1.1"},{"v":3,"d":"3.0"},{"v":149,"d":"149.0"}]
["Distribuidor de Calcário","Unidade",29,{"v":1,"d":"1.0"},{"v":1.28,"d":"1.3"},{"v":4,"d":"4.0"},{"v":37,"d":"37.0"}]
["Ensiladeira","Unidade",26,{"v":1,"d":"1.0"},{"v":1.08,"d":"1.1"},{"v":2,"d":"2.0"},{"v":28,"d":"28.0"}]
["Grade Aradora (Tipo Romi)","Unidade",20,{"v":1,"d":"1.0"},1.1,{"v":3,"d":"3.0"},{"v":22,"d":"22.0"}]
["Grade Niveladora","Unidade",30,{"v":1,"d":"1.0"},{"v":1.13,"d":"1.1"},{"v":2,"d":"2.0"},{"v":34,"d":"34.0"}]
["Implementos para Tração Animal","Unidade",31,{"v":1,"d":"1.0"},{"v":2.06,"d":"2.1"},{"v":7,"d":"7.0"},{"v":64,"d":"64.0"}]
["Microtrator","Unidade",9,{"v":1,"d":"1.0"},{"v":1,"d":"1.0"},{"v":1,"d":"1.0"},{"v":9,"d":"9.0"}]
["Misturador de Ração","Unidade",9,{"v":1,"d":"1.0"},{"v":1,"d":"1.0"},{"v":1,"d":"1.0"},{"v":9,"d":"9.0"}]
["Ordenhadeira Mecânica","Unidade",10,{"v":1,"d":"1.0"},{"v":1,"d":"1.0"},{"v":1,"d":"1.0"},{"v":10,"d":"10.0"}]
["Pulverizador Tratorizado","Unidade",48,{"v":1,"d":"1.0"},{"v":1.29,"d":"1.3"},{"v":4,"d":"4.0"},{"v":62,"d":"62.0"}]
["Resfriador de Leite, Tanque Expansão","Unidade",28,{"v":1,"d":"1.0"},{"v":1,"d":"1.0"},{"v":1,"d":"1.0"},{"v":28,"d":"28.0"}]
["Semeadeira/Adubadeira para Plantio Convencional","Unidade",18,{"v":1,"d":"1.0"},{"v":1.06,"d":"1.1"},{"v":2,"d":"2.0"},{"v":19,"d":"19.0"}]
["Semeadeira/Plantadeira Plantio Direto","Unidade",12,{"v":1,"d":"1.0"},{"v":1.08,"d":"1.1"},{"v":2,"d":"2.0"},{"v":13,"d":"13.0"}]
["Terraceador","Unidade",4,{"v":1,"d":"1.0"},{"v":1,"d":"1.0"},{"v":1,"d":"1.0"},{"v":4,"d":"4.0"}]
["Trator de Esteiras","Unidade",3,{"v":1,"d":"1.0"},{"v":1.33,"d":"1.3"},{"v":2,"d":"2.0"},{"v":4,"d":"4.0"}]
["Trator de Pneus","Unidade",91,{"v":1,"d":"1.0"},{"v":1.53,"d":"1.5"},{"v":8,"d":"8.0"},{"v":139,"d":"139.0"}]
["Açude/Represa","Unidade",109,{"v":1,"d":"1.0"},{"v":1.61,"d":"1.6"},{"v":8,"d":"8.0"},{"v":175,"d":"175.0"}]
["Almoxarifado/Oficina","Unidade",25,{"v":1,"d":"1.0"},{"v":1.36,"d":"1.4"},{"v":5,"d":"5.0"},{"v":34,"d":"34.0"}]
["Armazém para Grãos Ensacados","Sacas",27,{"v":1,"d":"1.0"},{"v":582.11,"d":"582.1"},{"v":5000,"d":"5,000.0"},{"v":15717,"d":"15,717.0"}]
["Balança para Bovinos","Unidade",6,{"v":1,"d":"1.0"},{"v":1,"d":"1.0"},{"v":1,"d":"1.0"},{"v":6,"d":"6.0"}]
["Barracão para Bicho da Seda/Sirgaria","Unidade",1,{"v":1,"d":"1.0"},{"v":1,"d":"1.0"},{"v":1,"d":"1.0"},{"v":1,"d":"1.0"}]
["Barracão para Granja/Avicultura","Unidade",1,{"v":1,"d":"1.0"},{"v":1,"d":"1.0"},{"v":1,"d":"1.0"},{"v":1,"d":"1.0"}]
["Barracão/Galpão/Garagem","Unidade",60,{"v":1,"d":"1.0"},{"v":1.13,"d":"1.1"},{"v":3,"d":"3.0"},{"v":68,"d":"68.0"}]
["Casa de Moradia Habitada","Unidade",202,{"v":1,"d":"1.0"},{"v":1.57,"d":"1.6"},{"v":12,"d":"12.0"},{"v":318,"d":"318.0"}]
["Casa de Moradia Total","Unidade",209,{"v":1,"d":"1.0"},{"v":2.45,"d":"2.5"},{"v":13,"d":"13.0"},{"v":512,"d":"512.0"}]
["Curral/Mangueira","Unidade",181,{"v":1,"d":"1.0"},1.1,{"v":5,"d":"5.0"},{"v":199,"d":"199.0"}]
["Depósito/Tulha","Unidade",113,{"v":1,"d":"1.0"},{"v":1.08,"d":"1.1"},{"v":3,"d":"3.0"},{"v":122,"d":"122.0"}]
["Engenho","Unidade",4,{"v":1,"d":"1.0"},{"v":1,"d":"1.0"},{"v":1,"d":"1.0"},{"v":4,"d":"4.0"}]
["Estábulo","Unidade",111,{"v":1,"d":"1.0"},{"v":1.04,"d":"1.0"},{"v":3,"d":"3.0"},{"v":115,"d":"115.0"}]
["Estufa/Plasticultura","m²",1,{"v":42,"d":"42.0"},{"v":42,"d":"42.0"},{"v":42,"d":"42.0"},{"v":42,"d":"42.0"}]
["Fábrica de Ração","Unidade",2,{"v":1,"d":"1.0"},{"v":1,"d":"1.0"},{"v":1,"d":"1.0"},{"v":2,"d":"2.0"}]
["Instalações para Equinos","Unidade",12,{"v":1,"d":"1.0"},{"v":1.83,"d":"1.8"},{"v":5,"d":"5.0"},{"v":22,"d":"22.0"}]
["Máquina de Benefício","Unidade",18,{"v":1,"d":"1.0"},{"v":1.11,"d":"1.1"},{"v":2,"d":"2.0"},{"v":20,"d":"20.0"}]
["Olaria","Unidade",1,{"v":1,"d":"1.0"},{"v":1,"d":"1.0"},{"v":1,"d":"1.0"},{"v":1,"d":"1.0"}]
["Pocilga","Unidade",80,{"v":1,"d":"1.0"},{"v":1.23,"d":"1.2"},{"v":8,"d":"8.0"},{"v":98,"d":"98.0"}]
["Poço Semi-Artesiano","Unidade",6,{"v":1,"d":"1.0"},{"v":1,"d":"1.0"},{"v":1,"d":"1.0"},{"v":6,"d":"6.0"}]
["Secador de Grãos","Unidade",15,{"v":1,"d":"1.0"},{"v":1.53,"d":"1.5"},{"v":3,"d":"3.0"},{"v":23,"d":"23.0"}]
["Silo para Grãos","t",3,{"v":80,"d":"80.0"},{"v":123.33,"d":"123.3"},{"v":150,"d":"150.0"},{"v":370,"d":"370.0"}]
["Silo para Silagem","t",33,{"v":1,"d":"1.0"},{"v":123.73,"d":"123.7"},{"v":600,"d":"600.0"},{"v":4083,"d":"4,083.0"}]
["Terreiro","m²",93,{"v":1,"d":"1.0"},{"v":1722.76,"d":"1,722.8"},{"v":25000,"d":"25,000.0"},{"v":160217,"d":"160,217.0"}]
["Fonte: Secretaria de Agricultura e Abastecimento, CDRS/IEA, Projeto LUPA."]
[]
["TABELA 270.4 - Outras Estatísticas Agrícolas, Município de Itirapuã, Estado de São Paulo, 2007/08."]
["ITEM","Número de UPAs",null,"Percentual"]
["Faz Parte de Associação de Produtores",226,null,{"v":77.93103448275862,"d":"77.9"}]
["Faz Parte de Cooperativa de Produtores",123,null,{"v":42.41379310344827,"d":"42.4"}]
["Faz Parte do Sindicato de Produtores",158,null,{"v":54.48275862068966,"d":"54.5"}]
["Não utiliza assistência técnica ",30,null,{"v":10.344827586206897,"d":"10.3"}]
["Utiliza somente assistência técnica governamental ",140,null,{"v":48.275862068965516,"d":"48.3"}]
["Utiliza somente assistência técnica privada ",25,null,{"v":8.620689655172415,"d":"8.6"}]
["Utiliza assistência técnica tanto governamental quanto privada",95,null,{"v":32.758620689655174,"d":"32.8"}]
["Utiliza Crédito Rural",32,null,{"v":11.034482758620689,"d":"11.0"}]
["Utiliza Seguro Rural",5,null,{"v":1.7241379310344829,"d":"1.7"}]
["Utiliza Escrituração Agrícola",95,null,{"v":32.758620689655174,"d":"32.8"}]
["Acessa Internet p/ Fins na Agropecuária",19,null,{"v":6.551724137931035,"d":"6.6"}]
["Utiliza Computador nas Atividades Agropecuárias",22,null,{"v":7.586206896551724,"d":"7.6"}]
["Utiliza Energia Elétrica Para Uso na Atividade Agrícola",237,null,{"v":81.72413793103448,"d":"81.7"}]
["Realiza Análise de Solo, quando necessário",161,null,{"v":55.51724137931035,"d":"55.5"}]
["Utiliza Práticas de Conservação de Solo, quando necessário",204,null,{"v":70.34482758620689,"d":"70.3"}]
["Faz Adubação Mineral, quando necessário",203,null,{"v":70,"d":"70.0"}]
["Faz Adubação Orgânica, quando necessário",195,null,{"v":67.24137931034483,"d":"67.2"}]
["Faz Adubação Verde, quando necessário",25,null,{"v":8.620689655172413,"d":"8.6"}]
["Utiliza Manejo Integrado de Pragas (MIP)",12,null,{"v":4.137931034482759,"d":"4.1"}]
["Utiliza Hidroponia","-",null,"-"]
["Utiliza Plasticultura",4,null,{"v":1.3793103448275863,"d":"1.4"}]
["Utiliza Mudas Fiscalizadas",156,null,{"v":53.793103448275865,"d":"53.8"}]
["Utiliza Semente Melhorada",190,null,{"v":65.51724137931035,"d":"65.5"}]
["Faz Confinamento de Bovinos",5,null,{"v":1.7241379310344829,"d":"1.7"}]
["Utiliza Pastejo Intensivo",23,null,{"v":7.931034482758621,"d":"7.9"}]
["Faz Inseminação Artificial",11,null,{"v":3.793103448275862,"d":"3.8"}]
["Faz Mineralização do Rebanho",217,null,{"v":74.82758620689656,"d":"74.8"}]
["Faz Vermifugação do Rebanho",214,null,{"v":73.79310344827586,"d":"73.8"}]
["Possui Parceiros /Arrendatários na Exploração Animal",26,null,{"v":8.96551724137931,"d":"9.0"}]
["Esporte e lazer",1,null,{"v":0.3448275862068965,"d":"0.3"}]
["Extração mineral",1,null,{"v":0.3448275862068965,"d":"0.3"}]
["Hotel Fazenda, Pousada ou SPA","-",null,"-"]
["Pesque-pague",2,null,{"v":0.6896551724137931,"d":"0.7"}]
["Restaurante ou Lanchonete",1,null,{"v":0.3448275862068965,"d":"0.3"}]
["Transformação artesanal","-",null,"-"]
["Turismo rural ou ecoturismo","-",null,"-"]
["Outras atividades econômicas rurais",1,null,{"v":0.3448275862068965,"d":"0.3"}]
["Agroindústria",1,null,{"v":0.3448275862068965,"d":"0.3"}]
["Proprietário sem instrução ou com instrução incompleta",7,null,{"v":2.413793103448276,"d":"2.4"}]
["Proprietário com antigo primário completo",78,null,{"v":26.896551724137932,"d":"26.9"}]
["Proprietário com 1° grau (ou antigo ginasial) completo",55,null,{"v":18.96551724137931,"d":"19.0"}]
["Proprietário com 2° grau (ou antigo colegial) completo",55,null,{"v":18.96551724137931,"d":"19.0"}]
["Proprietário com curso superior completo ",93,null,{"v":32.06896551724138,"d":"32.1"}]
["Pessoa Jurídica",2,null,{"v":0.6896551724137931,"d":"0.7"}]
["Proprietário residente na própria UPA ",51,null,{"v":17.586206896551722,"d":"17.6"}]
["Fonte: Secretaria de Agricultura e Abastecimento, CDRS/IEA, Projeto LUPA."]
[]
["TABELA 270.5 - Área Cultivada, Município de Itirapuã, Estado de São Paulo, 2007/08."]
["CULTURA","N.DE UPAs","MÍNIMO","MÉDIO","MÁXIMO","TOTAL"]
["Braquiaria",271,0.1,{"v":33.68,"d":"33.7"},264.8,{"v":9127.4,"d":"9,127.4"}]
["Cafe",158,0.2,{"v":11.28,"d":"11.3"},311.4,{"v":1782.5,"d":"1,782.5"}]
["Milho",117,0.5,{"v":7.64,"d":"7.6"},{"v":121,"d":"121.0"},894.3]
["Cana-de-acucar",81,0.1,{"v":3.71,"d":"3.7"},97.5,300.7]
["Eucalipto",46,0.1,{"v":3.51,"d":"3.5"},{"v":18,"d":"18.0"},161.4]
["Capim-napier (ou capim-elefante)",21,0.2,5.1,{"v":24,"d":"24.0"},107.1]
["Coloniao",5,0.5,9.8,39.4,{"v":49,"d":"49.0"}]
["Gramas",7,{"v":1,"d":"1.0"},{"v":5.19,"d":"5.2"},{"v":12,"d":"12.0"},36.3]
["Capim-jaragua",5,0.5,6.2,{"v":15,"d":"15.0"},{"v":31,"d":"31.0"}]
["Milho-silagem",2,{"v":6,"d":"6.0"},{"v":13,"d":"13.0"},{"v":20,"d":"20.0"},{"v":26,"d":"26.0"}]
["Arroz",9,0.5,1.2,2.4,10.8]
["Tangerina",1,5.5,5.5,5.5,5.5]
["Feijao",6,0.4,{"v":0.68,"d":"0.7"},1.5,4.1]
["Manga",1,3.2,3.2,3.2,3.2]
["Mandioca",2,0.5,{"v":1.25,"d":"1.3"},{"v":2,"d":"2.0"},2.5]
["Seringueira",1,{"v":2,"d":"2.0"},{"v":2,"d":"2.0"},{"v":2,"d":"2.0"},{"v":2,"d":"2.0"}]
["Alface",2,0.6,0.8,{"v":1,"d":"1.0"},1.6]
["Outras florestais",1,1.5,1.5,1.5,1.5]
["Outras olericolas",1,1.5,1.5,1.5,1.5]
["Maracuja",1,0.7,0.7,0.7,0.7]
["Mandioquinha",1,0.6,0.6,0.6,0.6]
["Feijao-vagem (ou vagem, ou feijao-verde)",1,0.5,0.5,0.5,0.5]
["Bucha",1,0.5,0.5,0.5,0.5]
["Couve (ou couve-crespa)",1,0.5,0.5,0.5,0.5]
["Couve-flor",1,0.5,0.5,0.5,0.5]
["Pomar domestico",2,0.1,{"v":0.15,"d":"0.2"},0.2,0.3]
["Figo (ou figo-da-europa)",1,0.1,0.1,0.1,0.1]
["Banana",1,0.1,0.1,0.1,0.1]
["Goiaba",1,0.1,0.1,0.1,0.1]
["Cebolinha",1,0.1,0.1,0.1,0.1]
["Brocolos (ou brocolis)",1,0.1,0.1,0.1,0.1]
["Fonte: Secretaria de Agricultura e Abastecimento, CDRS/IEA, Projeto LUPA."]